| 000 | 00588pam a2200205 a 4500 | ||
|---|---|---|---|
| 020 |
_a9788184730616 _c3250.00 |
||
| 041 |
_aeng _hNULL |
||
| 082 |
_a618.2 _bROC/JON |
||
| 100 | _aROCK, J.A.,JONES H.W. | ||
| 245 |
_aTELINDE`S OPERATIVE GYNAECOLOGY (WITH CD) _cNULL. _hTextual Documents |
||
| 250 |
_a10 ED / _b. |
||
| 260 |
_aNULL : _bWOLTERS, KLUEWR LIPPINCOTT WIL.& WILKINS , _c2009. |
||
| 300 |
_a1449 : : _bXVII ; _cA4 . + _eHB. |
||
| 365 | _a3250.00 | ||
| 700 | _aJONES, H . | ||
| 907 |
_a6496 _a6497 _a6498 |
||
| 930 | _a2578 | ||
| 999 |
_c797113 _d797113 |
||
| 650 | _aOBST.GYNE | ||